Ceza muhakemesi hukuku : (Record no. 200459549)

MARC details
000 -LEADER
fixed length control field 01066 am a2200325Ka 4500
001 - CONTROL NUMBER
control field 200459549
003 - CONTROL NUMBER IDENTIFIER
control field TR-AnTOB
005 - DATE AND TIME OF LATEST TRANSACTION
control field 20250508112055.0
007 - PHYSICAL DESCRIPTION FIXED FIELD--GENERAL INFORMATION
fixed length control field ta
008 - FIXED-LENGTH DATA ELEMENTS--GENERAL INFORMATION
fixed length control field 231129s2023 tu 001 0 tur d
020 ## - INTERNATIONAL STANDARD BOOK NUMBER
International Standard Book Number 9789750286919
040 ## - CATALOGING SOURCE
Original cataloging agency IU
Language of cataloging eng
Description conventions rda
Transcribing agency IU
Modifying agency TR-AnTOB
041 0# - LANGUAGE CODE
Language code of text/sound track or separate title Türkçe
050 ## - LIBRARY OF CONGRESS CALL NUMBER
Classification number KKX4610
Item number .Ş34 2023c
090 ## - LOCALLY ASSIGNED LC-TYPE CALL NUMBER (OCLC); LOCAL CALL NUMBER (RLIN)
Classification number (OCLC) (R) ; Classification number, CALL (RLIN) (NR) KKX4610
Local cutter number (OCLC) ; Book number/undivided call number, CALL (RLIN) .Ş34 2023c
100 1# - MAIN ENTRY--PERSONAL NAME
Personal name Şahin, Cumhur
Relator term author
9 (RLIN) 122237
245 10 - TITLE STATEMENT
Title Ceza muhakemesi hukuku :
Remainder of title pratik çalışma kitabı :
-- çözümlü- açıklamalı /
Statement of responsibility, etc. Cumhur Şahin, Neslihan Göktürk.
250 ## - EDITION STATEMENT
Edition statement Gözden geçirilmiş ve güncellenmiş 5. bası
264 #1 - PRODUCTION, PUBLICATION, DISTRIBUTION, MANUFACTURE, AND COPYRIGHT NOTICE
Place of production, publication, distribution, manufacture Ankara :
Name of producer, publisher, distributor, manufacturer Seçkin,
Date of production, publication, distribution, manufacture, or copyright notice 2023.
300 ## - PHYSICAL DESCRIPTION
Extent 743 pages ;
Dimensions 24 cm.
336 ## - CONTENT TYPE
Content type term text
Content type code txt
Source rdacontent
337 ## - MEDIA TYPE
Media type term unmediated
Media type code n
Source rdamedia
338 ## - CARRIER TYPE
Carrier type term volume
Carrier type code nc
Source rdacarrier
490 1# - SERIES STATEMENT
Series statement Seçkin Yayınları,
Volume/sequential designation 2061.
650 00 - SUBJECT ADDED ENTRY--TOPICAL TERM
Topical term or geographic name entry element Ceza yargılaması
Geographic subdivision Türkiye
9 (RLIN) 115759
Topical term or geographic name entry element Ceza hukuku
Geographic subdivision Türkiye
Source of heading or term etuturkob
9 (RLIN) 48989
700 1# - ADDED ENTRY--PERSONAL NAME
Personal name Göktürk, Neslihan
Relator term yaz.
9 (RLIN) 121940
942 ## - ADDED ENTRY ELEMENTS (KOHA)
Source of classification or shelving scheme Library of Congress Classification
Koha item type Book
Holdings
Withdrawn status Lost status Source of classification or shelving scheme Not for loan Collection code Home library Current library Shelving location Date acquired Source of acquisition Cost, normal purchase price Inventory number Total Checkouts Total Renewals Full call number Barcode Date last seen Date last checked out Cost, replacement price Date shelved Koha item type
    Library of Congress Classification Ödünç Verilebilir / Available Genel Koleksiyon Merkez Kütüphane Merkez Kütüphane Genel Koleksiyon / Main Collection 18/12/2023 Satın Alma / Purchase 319.80 HUK 9 5 KKX4610 .Ş34 2023c 0069778 09/03/2026 12/02/2026 319.80 07/02/2024 Book
Devinim Yazılım Eğitim Danışmanlık tarafından Koha'nın orjinal sürümü uyarlanarak geliştirilip kurulmuştur.